00721npc a2200181Ia 4500001002500000003001000025005001700035008004100052040002500093041000700118100004900125245008100174260011100255300001200366500006900378650002400447700006800471dp5/10-2536 [d000002670]IT-MiCISF20260128100624.0161014s9999||||xx | und|| aIT-MiCISFcIT-MiCISF ait aSigalini Domenico, Bonetti Renzo (a cura di) 0aAtti del seminario di studio "Giovani e famiglia"bLoreto, 12-14 aprile 1996 bCEI-Ufficio nazionale per la pastorale della famiglia, Servizio nazionale per la pastorale giovanilec1996 app. 135 a/ pastorale-familiare, pastorale-giovanile, giovani, famiglia /  apastorale-familiare aPrandini R., Solmi E., Giuliodori C., Bonetti R., Sigalini D.